000 00577nam a2200181 i 4500
001 28648
003 ES-MaACL
005 20251017063043.0
007 t|
008 030117s1910 sp ||||1| spa d
100 1 _aAzúa y Suárez, Juan de,
_d1858-1922
_9141521
245 1 0 _aSero-diagnóstico de la sífilis
_b: [Tesis para el ejercicio del grado de Doctor] /
_cJuan de Azúa.
260 _aMadrid :
_bCentro Gráfico-Artístico,
_c1910.
300 _a92 p. ;
_c26 cm.
650 0 4 _aSífilis.
_917092
852 _aES-MaACL
_jT-1230-F-14
999 _c28648
_d28648